|
|
|
|
| LEADER |
01434cam a22003251a 4500 |
| 001 |
000035685 |
| 003 |
11973 |
| 005 |
20160319000000.0 |
| 008 |
160318s2002 vm 000 eng |
| 041 |
|
|
|a eng
|
| 082 |
|
|
|a 427.73
|b CO-A
|
| 100 |
|
|
|a Cook, Ann
|
| 245 |
|
|
|a Phương pháp nói giọng Mỹ chuẩn xác : Tài liệu học cách nói và phát âm tiếng Anh - Mỹ thường đàm = American accent training : a guide to speaking and pronouncing colloquial American English
|c Cook, Ann
|
| 260 |
|
|
|a Nxb Tp.HCM
|c 2002
|
| 300 |
|
|
|a 331tr. : mh :15cm
|
| 650 |
|
|
|a Phương pháp nói giọng Mỹ chuẩn xác : Tài liệu học cách nói và phát âm tiếng Anh - Mỹ thường đàm = American accent training : a guide to speaking and pronouncing colloquial American English , Ann Cook ; ,2002
|
| 852 |
|
|
|b Chuyên đề
|c Sách tham khảo
|
| OWN |
|
|
|a LNN
|
| AVA |
|
|
|a UDN50
|b LNN
|c English
|d 427.73 CO-A
|e available
|t Error 5001 Not defined in file expand_doc_bib_avail.
|f 1
|g 0
|h N
|i 0
|j AN
|k 1
|
| 999 |
|
|
|a From the UDN01
|
| AVA |
|
|
|a UDN50
|b LNN
|c English
|d 427.73 CO-A
|e available
|t Error 5001 Not defined in file expand_doc_bib_avail.
|f 1
|g 0
|h N
|i 0
|j AN
|k 1
|
| TYP |
|
|
|a Monograph
|
| TYP |
|
|
|a Printed language
|
| 980 |
|
|
|a Mạng thư viện Đại học Đà Nẵng
|